1000 pantun dondang sayang

Bibliographic Details
Format: Book
Published: K.L. : JKKN , 2007
Subjects:

MARC

LEADER 00000cam a2200000 7i4500
001 0000039604
005 20140101.0
008 140101
020 |a 9834198434 
090 0 0 |a 899.231   |b PAN 
245 1 0 |a 1000 pantun dondang sayang 
260 |a K.L. :   |b JKKN ,   |c 2007 
650 0 |a 1000 pantun 
650 0 |a Dondang sayang Melaka 
999 |a 0001260960   |b Book   |c Adult Collection   |e Cawangan Tangkak 
999 |a 0001260961   |b Book   |c Adult Collection   |e Cawangan Mersing 
999 |a 0001260962   |b Book   |c Adult Collection   |e Cawangan Segamat 
999 |a 0001260963   |b Book   |c Adult Collection   |e Cawangan Bukit Gambir 
999 |a 0001260964   |b Book   |c Adult Collection   |e Cawangan Bandar Penawar 
999 |a 0001260965   |b Book   |c Adult Collection   |e Cawangan Muar 
999 |a 0001260966   |b Book   |c Adult Collection   |e Cawangan Bandar Tenggara 
999 |a 0001260967   |b Book   |c Adult Collection   |e Cawangan Taman Sri Lambak 
999 |a 0001260970   |b Book   |c Adult Collection   |e Cawangan Pontian 
999 |a 0001260971   |b Book   |c Adult Collection   |e Cawangan Tmn. Ungku Tun Aminah 
999 |a 0001260972   |b Book   |c Adult Collection   |e Cawangan Urban Transformation Centre 
999 |a 0001261745   |b Book   |c Adult Collection   |e Perbadanan Perpustakaan Awam Johor 
999 |a 0001442189   |b Book   |c Adult Collection   |e Cawangan Tmn. Ungku Tun Aminah 
999 |a 0001695608   |b Book   |c Adult Collection   |e Cawangan Bandar Penawar